书目信息 |
| 题名: |
丙烯酸生产与应用
|
|
| 作者: | 陶子斌 , 郑承旺 编著 | |
| 分册: | ||
| 出版信息: | 北京 化学工业出版社 2018 |
|
| 页数: | 347页 | |
| 开本: | 24cm | |
| 丛书名: | ||
| 单 册: | ||
| 中图分类: | TQ225.13 | |
| 科图分类: | ||
| 主题词: | 丙烯酸--bing xi suan--生产工艺 , 丙烯酸--bing xi suan--应用 | |
| 电子资源: | ||
| ISBN: | 978-7-122-29996-3 | |
| 000 | 01267nam0 2200289 450 | |
| 001 | 012001001706 | |
| 005 | 20140108170331.0 | |
| 010 | @a978-7-122-29996-3@dCNY98.00 | |
| 099 | @aCAL 012018019144 | |
| 100 | @a20171129d2018 em y0chiy50 ea | |
| 101 | 0 | @achi |
| 102 | @aCN@b110000 | |
| 105 | @aak a 000yy | |
| 106 | @ar | |
| 200 | 1 | @a丙烯酸生产与应用@Abing xi suan sheng chan yu ying yong@f陶子斌, 郑承旺编著 |
| 210 | @a北京@c化学工业出版社@d2018 | |
| 215 | @a347页@c图@d24cm | |
| 320 | @a有书目 | |
| 330 | @a本书对丙烯酸及酯的结构和类型、生产技术发展现状和应用情况进行了简单介绍, 重点阐述了丙烯酸、通用丙烯酸酯和特种丙烯酸酯的性能、合成原理、生产方法、工艺过程、加工应用等内容。另外, 书中囊括了近年来丙烯酸及酯的技术和应用领域的最新进展。本书可供从事丙烯酸及酯生产和应用的相关工程技术人员和科研人员阅读, 也可供化工、材料等相关专业高等院校师生参考。 | |
| 333 | @a本书可供从事丙烯酸及酯生产和应用的相关工程技术人员和科研人员阅读, 也可供化工、材料等相关专业高等院校师生参考。 | |
| 606 | 0 | @a丙烯酸@Abing xi suan@x生产工艺 |
| 606 | 0 | @a丙烯酸@Abing xi suan@x应用 |
| 690 | @aTQ225.13@v5 | |
| 701 | 0 | @a陶子斌@Atao zi bin@4编著 |
| 701 | 0 | @a郑承旺@Azheng cheng wang@4编著 |
| 801 | 0 | @aCN@b北京卓展@c20191020 |
| 905 | @b1202448-51@dTQ225.13@e44@f4 | |
| 丙烯酸生产与应用/陶子斌, 郑承旺编著.-北京:化学工业出版社,2018 |
| 347页:图;24cm |
| 使用对象:本书可供从事丙烯酸及酯生产和应用的相关工程技术人员和科研人员阅读, 也可供化工、材料等相关专业高等院校师生参考。 |
| ISBN 978-7-122-29996-3:CNY98.00 |
| 本书对丙烯酸及酯的结构和类型、生产技术发展现状和应用情况进行了简单介绍, 重点阐述了丙烯酸、通用丙烯酸酯和特种丙烯酸酯的性能、合成原理、生产方法、工艺过程、加工应用等内容。另外, 书中囊括了近年来丙烯酸及酯的技术和应用领域的最新进展。本书可供从事丙烯酸及酯生产和应用的相关工程技术人员和科研人员阅读, 也可供化工、材料等相关专业高等院校师生参考。 |
| ● |
| 相关链接 |
|
|
|
|
正题名:丙烯酸生产与应用
索取号:TQ225.13/44
 
预约/预借
| 序号 | 登录号 | 条形码 | 馆藏地/架位号 | 状态 | 备注 |
| 1 | 1202448 | 212024487 | 第二样本阅览室/ [索取号:TQ225.13/44] | 在馆 | |
| 2 | 1202449 | 212024496 | 第三借阅区/ [索取号:TQ225.13/44] | 在馆 | |
| 3 | 1202450 | 212024502 | 第三借阅区/ [索取号:TQ225.13/44] | 在馆 | |
| 4 | 1202451 | 212024511 | 第三借阅区/ [索取号:TQ225.13/44] | 在馆 |